000
00322nam a2200157Ia 4500
100
_a
Giri/N.K
650
_a
AUTOMOBILE
942
_c
BK
366
_f
10
654
_a
automobile
245
_a
Automobile Mechanics
260
_b
Khanna publishers
_c
1979
082
_a
629.2
_b
GIR
300
_a
1015
546
_a
ENGLISH
999
_c
30330
_d
30330